000 005870000a22001810004500
003 MACL
005 20160401122305.0
008 160401b xxu||||| |||| 00| 0 eng d
040 _aMACL
_cMACL
041 _aHindi
082 _a398
100 _aश्‍याम परमार
_949545
245 _aमध्‍यप्रदेश लोकसंस्‍कृति और साहित्‍य
260 _bनेशनल बुक ट्रस्‍ट इंडिया
_c1972
_aदिल्‍ली
350 _a9.75
650 _2Travel
942 _cHIN
_k398
_2ddc
999 _c22823
_d22823